000 00267nam a22001217a 4500
008 170612b xxu||||| |||| 00| 0 eng d
041 _aeng
080 _a329
100 _a19
101 _aSHP
245 _aBRITISH POLITICAL PARTIES
_cMCKENZIE,R.T
942 _2udc
_cBK
999 _c17049
_d17049